Fundamentals of complementary and alternative medicine / (Record no. 362256)
[ view plain ]
| 000 -LEADER | |
|---|---|
| fixed length control field | 00511nam a2200157Ia 4500 |
| 008 - FIXED-LENGTH DATA ELEMENTS--GENERAL INFORMATION | |
| fixed length control field | 191017s9999 xx 000 0 und d |
| 020 ## - INTERNATIONAL STANDARD BOOK NUMBER | |
| International Standard Book Number | 9780323510813 |
| 100 ## - MAIN ENTRY--PERSONAL NAME | |
| Personal name | Micozzi, Marc S. |
| 245 ## - TITLE STATEMENT | |
| Statement of responsibility, etc | Marc S. Micozzi.-- |
| Title | Fundamentals of complementary and alternative medicine / |
| 250 ## - EDITION STATEMENT | |
| Edition statement | 6th ed. |
| 260 ## - PUBLICATION, DISTRIBUTION, ETC. (IMPRINT) | |
| Place of publication, distribution, etc | St. Louis, Missouri : |
| Name of publisher, distributor, etc | Elseiver, |
| Date of publication, distribution, etc | 2019. |
| 300 ## - PHYSICAL DESCRIPTION | |
| Extent | xviii, 717 pages: |
| Other physical details | color illustrations ; |
| 500 ## - GENERAL NOTE | |
| General note | Includes index. |
| 650 ## - SUBJECT ADDED ENTRY--TOPICAL TERM | |
| Topical term or geographic name as entry element | Alternative medicine. |
| 650 ## - SUBJECT ADDED ENTRY--TOPICAL TERM | |
| Topical term or geographic name as entry element | Integrative medicine. |
| Withdrawn status | Lost status | Damaged status | Home library | Current library | Shelving location | Date acquired | Source of acquisition | Total Checkouts | Total Renewals | Full call number | Barcode | Date last seen | Date checked out | Price effective from | Koha item type |
|---|---|---|---|---|---|---|---|---|---|---|---|---|---|---|---|
| South SEED-LPDH College Library | South SEED-LPDH College Library | South SEED-LPDH College Section | 10/17/2019 | Library Fund | 1 | 5 | R 733 .M626 2019 | SSLC1876 | 09/21/2020 | 07/08/2020 | 10/17/2019 | Books |